| 000 | 00000nas 2200000za 4500 |
| 001 | 9.503935 |
| 003 | CaOODSP |
| 005 | 20230130140859 |
| 007 | cr ||||||||||| |
| 008 | 150406d20132018oncar pso||||f0 |0fre|d |
| 040 | |aCaOODSP|bfre |
| 043 | |an-cn--- |
| 086 | 1 |aT46-56F-PDF |
| 245 | 00|aListe de Compatibilité (admissibilité) à l'importation de véhicules achetés aux États-Unis. |
| 264 | 1|a[Ottawa] : |bTransports Canada, |c2013-2018. |
| 310 | |aAnnuel |
| 362 | 1 |aNe paraît plus après le 3 août 2018. |
| 500 | |aPubl. aussi en anglais sous le titre : Vehicle Import Compatibility (admissibility) list for vehicles purchased in the United States. |
| 500 | |a«Son exactitude ne peut être garantie et son contenu est sujet à modification sans préavis.» - Édition du 17/Mai/2013. |
| 710 | 1 |aCanada. |bTransports Canada. |
| 775 | 08|tVehicle Import Compatibility (admissibility) list for vehicles purchased in the United States.|w(CaOODSP)9.507545 |